000 00627nam a2200205Ii 4500
001 19588
003 CO-ViMGA
008 241108s9999||||xx |||||||||||||| ||und||
040 _aCO-ViMGA
_bspa
_erda
_cCO-ViMGA
041 0 _aspa
082 0 4 _a330.986 B15a
110 1 _aBanco Mundial.
245 1 0 _aAlianza estratégica con el país para la república de Colombia :
_b2008-2011
264 1 _aBogotá, Colombia : Banco Mundial, 2008
300 _avolumen
336 _atext
_btxt
_2rdacontent
337 _aunmediated
_bn
_2rdamedia
338 _avolume
_bnc
_2rdacarrier
940 _aidficha_siabuc: 19244. -- ficha_no_siabuc:19588
999 _c48823
_d48823